Geography Quiz

Random Geography or Flags Quiz

Countries and Capitals by Flag Quiz Stats

 Plays Quiz not verified by Sporcle

Support Sporcle.
Go Orange.
Score 0/197 Timer 20:00
0 Plays Today
% Correct
Nairobi, Kenya
77.2%
Tokyo, Japan
77%
Madrid, Spain
77%
Brussels, Belgium
76.8%
Helsinki, Finland
76.6%
Pyongyang, North Korea
76.6%
Jerusalem, Israel
76.5%
Lisbon, Portugal
76.5%
Kingston, Jamaica
76.3%
Kyiv, Ukraine
76.3%
Tehran, Iran
76%
Ottawa, Canada
75.9%
Mexico City, Mexico
75.7%
Bratislava, Slovakia
75.7%
Paris, France
75.6%
Wellington, New Zealand
75.6%
Moscow, Russia
75.6%
Cairo, Egypt
75.4%
Berlin, Germany
75.4%
Warsaw, Poland
75.4%
Rome, Italy
75.1%
Abuja, Nigeria
75.1%
Budapest, Hungary
75%
Oslo, Norway
75%
Bern, Switzerland
75%
Brasilia, Brazil
74.8%
Beijing, China
74.8%
Tallinn, Estonia
74.8%
Hanoi, Vietnam
74.8%
Jakarta, Indonesia
74.7%
Ankara, Turkey
74.7%
Copenhagen, Denmark
74.5%
Mogadishu, Somalia
74.5%
Vienna, Austria
74.5%
Athens, Greece
74.4%
Kuala Lumpur, Malaysia
74.4%
Prague, Czech Republic
74.4%
Seoul, South Korea
74.4%
Washington, DC, United States of America
74.4%
Zagreb, Croatia
74.2%
Skopje, Macedonia
74.2%
Kathmandu, Nepal
74.2%
Islamabad, Pakistan
74.2%
Panama City, Panama
74.2%
San Marino, San Marino
74.2%
Singapore, Singapore
74.2%
Montevideo, Uruguay
74.2%
Vatican City, Vatican City
74.2%
New Delhi, India
74.1%
Monaco, Monaco
74.1%
Reykjavik, Iceland
73.9%
Amsterdam, Netherlands
73.9%
Canberra, Australia
73.9%
Havana, Cuba
73.8%
Rabat, Morocco
73.8%
Stockholm, Sweden
73.8%
London, United Kingdom
73.8%
Bogotá, Colombia
73.6%
Tbilisi, Georgia
73.6%
Victoria, Seychelles
73.6%
Minsk, Belarus
73.6%
Port-au-Prince, Haiti
73.5%
Manila, Philippines
73.5%
Riyadh, Saudi Arabia
73.5%
Caracas, Venezuela
73.5%
Tirana, Albania
73.5%
% Correct
Baghdad, Iraq
73.3%
Riga, Latvia
73.3%
Nicosia, Cyprus
73.2%
Quito, Ecuador
73.2%
Addis Ababa, Ethiopia
73.2%
Doha, Qatar
73.2%
Bangkok, Thailand
73.2%
Vaduz, Liechtenstein
73%
Pretoria, South Africa
73%
Luxembourg, Luxembourg
72.9%
Belgrade, Serbia
72.9%
Taipei, Taiwan
72.9%
Pristina, Kosovo
72.7%
Beirut, Lebanon
72.7%
Dhaka, Bangladesh
72.7%
Phnom Penh, Cambodia
72.6%
Ljubljana, Slovenia
72.6%
Damascus, Syria
72.6%
Santiago, Chile
72.4%
Dublin, Ireland
72.4%
Valletta, Malta
72.4%
Tunis, Tunisia
72.4%
Malé, Maldives
72.3%
Sofia, Bulgaria
72.1%
Chișinău, Moldova
72.1%
Bucharest, Romania
72.1%
Buenos Aires, Argentina
72.1%
Djibouti, Djibouti
71.8%
Bridgetown, Barbados
71.8%
Vilnius, Lithuania
71.7%
Ashgabat, Turkmenistan
71.7%
Kabul, Afghanistan
71.7%
Algiers, Algeria
71.7%
Baku, Azerbaijan
71.7%
Tegucigalpa, Honduras
71.5%
Bishkek, Kyrgyzstan
71.4%
Muscat, Oman
71.4%
Guatemala City, Guatemala
71.2%
Podgorica, Montenegro
71.2%
Andorra la Vella, Andorra
71.2%
Bandar Seri Begawan, Brunei
71.1%
Amman, Jordan
71.1%
Port Moresby, Papua New Guinea
71.1%
Port of Spain, Trinidad and Tobago
71.1%
Abu Dhabi, United Arab Emirates
70.9%
San José, Costa Rica
70.8%
Belmopan, Belize
70.8%
Georgetown, Guyana
70.6%
Tripoli, Libya
70.6%
Managua, Nicaragua
70.6%
Maputo, Mozambique
70.5%
Sarajevo, Bosnia and Herzegovina
70.3%
Lima, Peru
70.3%
Dili, Timor-Leste
70.2%
Tashkent, Uzbekistan
70.2%
Kuwait City, Kuwait
70%
Thimphu, Bhutan
69.9%
Kigali, Rwanda
69.9%
Castries, St. Lucia
69.9%
Suva, Fiji
69.7%
Bangui, Central African Republic
69.6%
Paramaribo, Suriname
69.6%
Monrovia, Liberia
69.4%
São Tomé, São Tomé and Príncipe
69.4%
Luanda, Angola
69.4%
St. John's, Antigua and Barbuda
69.4%
% Correct
Kinshasa, Democratic Republic of the Congo
69.3%
Harare, Zimbabwe
69.3%
Nassau, Bahamas
69.3%
Maseru, Lesotho
69.2%
Dakar, Senegal
69.2%
Mbabane, Swaziland
69.2%
Accra, Ghana
69%
Yerevan, Armenia
69%
La Paz, Bolivia
68.9%
Roseau, Dominica
68.9%
Santo Domingo, Dominican Republic
68.9%
Lilongwe, Malawi
68.9%
Niamey, Niger
68.9%
St. George's, Grenada
68.7%
Ulaanbaatar, Mongolia
68.7%
Moroni, Comoros
68.6%
Yamoussoukro, Côte d’Ivoire
68.6%
Antananarivo, Madagascar
68.6%
Sana'a, Yemen
68.6%
San Salvador, El Salvador
68.4%
Kampala, Uganda
68.4%
Lusaka, Zambia
68.4%
Yaoundé, Cameroon
68.1%
Asmara, Eritrea
68.1%
Vientiane, Laos
68.1%
N'Djamena, Chad
68%
Kingstown, St. Vincent and the Grenadines
68%
Nukuʻalofa, Tonga
68%
Manama, Bahrain
68%
Praia, Cabo Verde
67.8%
Lomé, Togo
67.8%
Ramallah, Palestine
67.7%
Dushanbe, Tajikistan
67.5%
Sri Jayawardenepura Kotte, Sri Lanka
67.4%
Astana, Kazakhstan
67.2%
Freetown, Sierra Leone
67.2%
Tarawa, Kiribati
67.1%
Majuro, Marshall Islands
66.9%
Khartoum, Sudan
66.9%
Juba, South Sudan
66.6%
Asunción, Paraguay
66.5%
Dodoma, Tanzania
66.5%
Port Vila, Vanuatu
66.5%
Gaborone, Botswana
66.3%
Port Louis, Mauritius
66.3%
Apia, Samoa
66.2%
Ouagadougou, Burkina Faso
66%
Basseterre, St. Kitts and Nevis
65.9%
Funafuti, Tuvalu
65.9%
Porto-Novo, Benin
65.9%
Honiara, Solomon Islands
65.4%
Bissau, Guinea-Bissau
65.1%
Yaren, Nauru
65%
Windhoek, Namibia
64.8%
Malabo, Equatorial Guinea
64.5%
Brazzaville, Republic of the Congo
64.5%
Conakry, Guinea
64.4%
Libreville, Gabon
64.2%
Bamako, Mali
64.1%
Bujumbura, Burundi
63.9%
Palikir, Micronesia
63.9%
Naypyidaw, Myanmar
63.3%
Nouakchott, Mauritania
62.4%
Banjul, The Gambia
62.3%
Ngerulmud, Palau
61%

You're not logged in!

Compare scores with friends on all Sporcle quizzes.
OR
Log In

From the Vault

Disney Sorting Gallery IV

by hanlov

The Disney empire goes beyond your old VHS collection, but you already knew that.
Remove Ads.
Support Sporcle.
Get the best of Sporcle when you Go Orange. This ad-free experience offers more features, more stats, and more fun while also helping to support Sporcle. Thank you for becoming a member.

Show Comments

Extras

Top Quizzes Today


Score Distribution

Your Account Isn't Verified!

In order to create a playlist on Sporcle, you need to verify the email address you used during registration. Go to your Sporcle Settings to finish the process.

Report this User

Report this user for behavior that violates our Community Guidelines.

Details: